000
00330nam a2200133Ia 4500
008
220204s9999 xx 000 0 und d
082
_a
582.28:630*114
_b
GIL
100
_a
GILMAN, Joseph C
245
0
_a
Manual of soil fungi.
250
_a
Ed.2
260
_a
USA
_b
Iowa Sate University
_c
1957
650
_a
Soil fungi
942
_c
BK
999
_c
21022
_d
21022